000 00527nam a22002417a 4500
003 UA-OsUOA
001 31183
007 ta
008 20041207b un ||||| |||| 00| 0 ukr d
100 _aДамкани Я.
090 _a82-97
_bД16
942 _cBK
040 _aUA-OsUOA
_brus
_cUA-OsUOA
_dUA-OsUOA
245 _a"Почему Я"
300 _a255 с.
955 _a0
041 _arus
080 _a82-97
260 _bСвет на Востоке
_c2000
044 _aDE
650 7 _2UDC
999 _c317605
_d317605